| 000 | 00553nam a2200169Ia 4500 | ||
|---|---|---|---|
| 005 | 20260601193220.0 | ||
| 008 | 260601s9999||||xx |||||||||||||| ||und|| | ||
| 020 |
_a978-3-031-46768-4 _qebk |
||
| 100 | _aJoakim Sundnes | ||
| 245 | 0 | _aSolving Ordinary Differential Equations in Python | |
| 250 | _a1st ed. 2024 | ||
| 260 |
_aHeidelberg, Germany _bSpringer Nature _c2024 |
||
| 440 | _aSimula SpringerBriefs on Computing | ||
| 650 | _aComputer Science | ||
| 856 | _uhttps://link.springer.com/openurl?genre=book&isbn=978-3-031-46768-4 | ||
| 942 |
_cEB _2ddc |
||
| 999 |
_c55786 _d55786 |
||